Estudantes universitários (Record no. 45706)

MARC details
000 -Etiqueta do registo
Valores 00948cam a2200277 04500
021 ## - Número do Depósito Legal
Número 55210/93
100 ## - Dados gerais de processamento
Dados gerais 19930823d1993 m a0pory5003 ba
101 0# - Língua de publicação
Língua por
102 ## - País de publicação
País PT
200 1# - Titulo e menção de responsabilidade
Título próprio Estudantes universitários
Informação de outro título composicão social, representacões e valores
Primeira menção de responsabilidade José Luís Casanova
205 ## - Menção da edição
Edição 1.ª ed.
210 #9 - Publicação
Local de publicação Lisboa
Nome do editor Instituto das Ciências Sociais
-- Instituto da Juventude,
Data de publicação 1993
215 ## - Descrição física 
Paginação / Volumes 97, [2] p.
Outras indicações físicas il.
Dimensões 23 cm
225 2# - Colecção 
Título próprio da colecção Cadernos do Instituto das Ciências Sociais
Indicação de volume 5
Informação de outro título Estudos de Juventude
606 ## - Nome comum usado como assunto
Palavra de ordem Alunos do ensino superior
Subdivisão assunto Caracterizacão social
606 ## - Nome comum usado como assunto
Palavra de ordem Alunos do ensino superior
Subdivisão assunto Valores (Ética)
606 ## - Nome comum usado como assunto
Palavra de ordem Alunos do ensino superior
Subdivisão assunto Expectativas profissionais
675 ## - CDU
Notação 316.7
Edição BN
Língua por
675 ## - CDU
Notação 371.1/.2 (075)
Edição BN
Língua por
675 ## - CDU
Notação 378.4
Edição BN
Língua por
675 ## - CDU
Notação 331
Edição BN
Língua por
700 #1 - Autor principal
Apelido Casanova,
Nome José Luís
801 #0 - Fonte de origem
País PT
Agência BN
Regras de catalogação RPC
990 ## - Elementos KOHA
Tipo de documento Livro
Holdings
Aquisição Empréstimo Código de barras Cota Permissão de empréstimo Tipo de documento
Biblioteca Municipal de Redondo Biblioteca Municipal de Redondo 056414 316 CAS   Livro

Powered by Koha